TSM-Carrier Collaboration Service - Customer Success (Record no. 230357)
[ view plain ]
| 000 -LEADER | |
|---|---|
| fixed length control field | 00563nam a22001697a 4500 |
| 003 - CONTROL NUMBER IDENTIFIER | |
| control field | OSt |
| 005 - DATE AND TIME OF LATEST TRANSACTION | |
| control field | 20240429154557.0 |
| 008 - FIXED-LENGTH DATA ELEMENTS--GENERAL INFORMATION | |
| fixed length control field | 240314b ||||| |||| 00| 0 eng d |
| 040 ## - CATALOGING SOURCE | |
| Transcribing agency | AIMIT LIBRARY |
| 100 ## - MAIN ENTRY--PERSONAL NAME | |
| Personal name | Krishna, Chaithra. |
| Relator term | 201902 |
| 9 (RLIN) | 154403 |
| 245 ## - TITLE STATEMENT | |
| Title | TSM-Carrier Collaboration Service - Customer Success |
| Statement of responsibility, etc. | By Chaithra Krishna ; Guided by Ruban S and Avineet Prakash. |
| 260 ## - PUBLICATION, DISTRIBUTION, ETC. | |
| Place of publication, distribution, etc. | Mangalore: |
| 700 ## - ADDED ENTRY--PERSONAL NAME | |
| Personal name | Ruban, S |
| Relator term | Guide |
| 9 (RLIN) | 154524 |
| 700 ## - ADDED ENTRY--PERSONAL NAME | |
| Personal name | Prakash, Avineet. |
| 9 (RLIN) | 154525 |
| Relator term | Guide |
| 856 ## - ELECTRONIC LOCATION AND ACCESS | |
| Materials specified | Blue Younder |
| Uniform Resource Identifier | <a href="https://blueyounder.com/">https://blueyounder.com/</a> |
| 942 ## - ADDED ENTRY ELEMENTS (KOHA) | |
| Source of classification or shelving scheme | Dewey Decimal Classification |
| Koha item type | Project Report |
| Withdrawn status | Lost status | Source of classification or shelving scheme | Damaged status | Not for loan | Collection code | Home library | Current library | Date acquired | Total Checkouts | Barcode | Date last seen | Copy number | Uniform Resource Identifier | Price effective from | Koha item type |
|---|---|---|---|---|---|---|---|---|---|---|---|---|---|---|---|
| Dewey Decimal Classification | Not for loan | Project Report Soft.Technology | St Aloysius Institute of Management & Information Technology | St Aloysius Institute of Management & Information Technology | 03/14/2024 | PST00355 | 03/14/2024 | 201902 | https://blueyonder.com | 03/14/2024 | Project Report |